000 00581nam a22001817a 4500
999 _c20290
_d20290
003 AR-CdUCM
008 190528b ||||| |||| 00| 0 spa d
040 _aMUNICIPALIDAD PROVINCIAL DEL CUSCO
_cBIBLIOTECA MUNICIPAL DEL CUSCO
082 _a869.265 /
_bC74
100 _aCondarco Morales, Ramiro A
_942407
245 _aCantar del trópico y la pampa /
260 _aBuenos Aires :
_bLopez,
_c1948.
300 _a99 páginas ;
_c19 cm.
505 _aContenido : La montaña -- La pampa -- El viento...
650 _aPoemas de amor
_92283
942 _2ddc
_cLIBROS
945 _aandy